[Event "Treppenturnier 2023"]
[Site "Turnierstufe"]
[Date "2023.11.28"]
[Round "09-4"]
[White "Designer 2100 Display"]
[Black "Kishon Chesster"]
[Result "1/2-1/2"]
[WhiteElo "1868"]
[BlackElo "1846"]
[PlyCount "91"]

1.c4 f5 2.Nf3 Nf6 3.g3 e6 4.Bg2 Be7 5.O-O O-O 6.b3 d5 7.Bb2 c6 8.d3 Qe8 9.Nbd2 
Nbd7 10.Qc2 Qh5 11.e4 dxe4 12.dxe4 f4 13.gxf4 Ng4 14.h3 {Buchende.} 14...Nh6 
{Buchende. Der Nachziehende wird in eine unvorteilhafte Position entlassen.} 
15.Qc3 Qg6 16.Nd4 Nc5 17.Qg3 Qf7 18.N4f3 Nd3 19.Ne5 Nxe5 20.fxe5 Bd7 21.a3 Qh5 
22.Qe3 b6 23.Nf3 c5 24.Ne1 Bc6 25.Nd3 Rad8 26.b4 $10 Qg6 27.f3 Ba4 28.f4 Bc6 
29.Ne1 $6 ( {Besser:} 29.Qe2 ) 29...cxb4 $1 {Droht furchtbar Lc5.} 30.axb4 Bxb4 
{"Na, ich bin gespannt, was du jetzt machst."} 31.Kh1 Rd7 ( 31...Rd2 $1 {leitet
einen gewinnbringenden Abtausch ein:} 32.Rf2 Rxf2 33.Qxf2 Bxe4 34.Ba3 ( 34.Bd4 
Bxe1 35.Rxe1 Rxf4 36.Bxe4 Rxe4 37.Rg1 Qf7 38.Qxf7+ Nxf7 {...} ) ( 34.Bxe4 Qxe4+ 
35.Qf3 Qxc4 {...} ) 34...Bxe1 35.Rxe1 Rxf4 36.Bxe4 Qxe4+ 37.Rxe4 Rxf2 {...} ) 
32.Qf3 Rff7 33.Nd3 Ba5 ( 33...Bxe4 {Ist eine gute Option.} ) 34.Kh2 Rd8 35.Qe2 
Rfd7 36.Rfd1 Nf7 37.Bf3 Qh6 38.Bg4 a6 ( {Hiarcs 15.2 sagt hier} 38...Rxd3 $1 
{gewinnt!} ) 39.Qe3 Qg6 40.Bf3 h6 41.Ra3 Qh7 42.c5 $14 Rb7 43.Bd4 Rbd7 44.Bb2 
Rb8 45.Bd4 Rbd8 {Kishon Chesster fragt nach Remis.} 46.Bb2 {Remis 3x} ( 46.cxb6 
$1 {Für HIARCS 15.2 ist das Ding gewonnen: +4.23!} 46...Rxd4 47.Rxa5 Qg6 48.Nf2 
Rxd1 49.Bxd1 Rb8 50.Rxa6 Bb7 51.Ra7 Nd8 52.Bb3 Qe8 53.f5 Kh7 54.fxe6 Nxe6 
55.Bd5 Qc8 56.Nd3 Ng5 57.Bxb7 Rxb7 58.h4 Ne6 59.Kg3 Rd7 60.Rxd7 Qxd7 61.Nf4 
Nxf4 62.Qxf4 Qb5 {... Ende der 1980er wurden wir noch nicht derart überwältigt.} 
) 1/2-1/2

[Event "Treppenturnier 2023"]
[Site "Turnierstufe"]
[Date "2023.11.28"]
[Round "09-5"]
[White "Kishon Chesster"]
[Black "Designer 2100 Display"]
[Result "1/2-1/2"]
[WhiteElo "1847"]
[BlackElo "1867"]
[PlyCount "61"]

1.d4 Nf6 2.c4 g6 3.Nc3 d5 4.Bf4 Bg7 5.e3 c5 6.dxc5 Qa5 7.Rc1 Ne4 8.cxd5 Nxc3 
9.Qd2 Qxa2 10.bxc3 Qa5 11.Bc4 Nd7 12.Ne2 Ne5 13.Ba2 {Buchende.} 13...Qxc5 
{Buchende.} 14.O-O O-O 15.Rb1 a5 16.Nd4 Nc4 17.Bxc4 Qxc4 18.e4 e5 19.dxe6 fxe6 
20.Bd6 Rf7 21.f4 b5 22.Be5 Bxe5 23.fxe5 Bd7 $6 $14 {Fragwürdig.} ( 23...Raa7 
{ist sicherer.} ) 24.Rxf7 Kxf7 25.Rf1+ Kg8 26.Qf2 Qc8 27.Qf7+ Kh8 28.Qf6+ Kg8 
29.Qf7+ {Kishon Chesster bietet Remis an.} 29...Kh8 30.Qf6+ Kg8 31.Qf7+ {Remis
3x.} 1/2-1/2

[Event "Treppenturnier 2023"]
[Site "Turnierstufe"]
[Date "2023.12.01"]
[Round "09-6"]
[White "Designer 2100 Display"]
[Black "Kishon Chesster"]
[Result "1/2-1/2"]
[WhiteElo "1866"]
[BlackElo "1848"]
[PlyCount "100"]

1.e4 c5 2.d4 cxd4 3.c3 dxc3 4.Nxc3 Nc6 5.Nf3 d6 6.Bc4 e6 7.O-O Nf6 8.Qe2 Be7 
9.Rd1 e5 10.h3 O-O 11.Be3 Be6 12.Bxe6 fxe6 13.Rac1 {Buchende.} 13...Rc8 
{Buchende.} 14.b4 {Schön gespielt.} 14...Nxb4 15.Nxe5 a6 $6 ( {Besser:} 
15...Qa5 ) 16.a3 Nc6 17.Nc4 Rf7 $6 {Erneut fragwürdig, die sD muss aus
Schusslinie des wT.} 18.e5 Ne8 $2 ( 18...Nd7 {Aber Schwarz hat sowieso schon
große Probleme.} ) 19.exd6 Nxd6 20.Bc5 ( {Hiarcs 15.2 zeigt nach 1m30s diese
Gewinnvariante:} 20.Nxd6 {+4.46/25-66Hz} 20...Bxd6 21.Ne4 Nd4 22.Bxd4 Rxc1 
23.Rxc1 Bxa3 24.Rd1 Rd7 25.Nf6+ gxf6 26.Qxe6+ Rf7 27.Qg4+ Kh8 28.Bc5 Qa5 29.Qe6 
Qxc5 30.Qxf7 Qe7 31.Qxe7 Bxe7 32.Rd7 Bc5 33.Rxb7 a5 34.Rc7 Bb4 35.Rf7 Kg8 
36.Rxf6 Bc5 37.Ra6 Bxf2+ 38.Kxf2 a4 39.Rxa4 Kf7 40.Ra6 Kg7 41.Kf3 Kf7 42.g4 Kg7 
{Wahnsinn.} ) 20...Nd4 21.Bxd4 Nxc4 22.Bxg7 Qe8 23.Bd4 Bxa3 24.Qg4+ Kf8 25.Rc2 
e5 26.Re1 Rc6 27.Nb1 Bd6 28.Bc3 Rg7 29.Qe4 Qg6 30.Qxg6 Rxg6 $17 {Nach dem
Damentausch sind die verbundenen schwarzen Freibauern eine Macht.} 31.Ra2 b5 
32.Nd2 Nxd2 33.Bxd2 b4 34.Rb1 Rb6 35.Rb3 Bc5 36.Ra5 Rgc6 37.Ra4 Kf7 38.Bxb4 Rf6 
39.Rb2 Rf4 40.Bxc5 Rxb2 41.Rxa6 {Die schönen Bauern sind weg für die Qualität,
es "droht" erneut ein Unentschieden.} 41...Rc4 42.Be3 h5 43.g3 Rb5 44.Kg2 Rc2 
45.Kf3 Kg7 46.Ra7+ Kh8 47.Ra8+ Kh7 48.Ra6 Kg7 {"Hey, wie wäre es mit einem
Remis?"} 49.Ra7+ {(0.00)} 49...Kg6 50.Ra6+ Kg7 {Remis 3x} 1/2-1/2

[Event "Treppenturnier 2023"]
[Site "Turnierstufe"]
[Date "2023.12.02"]
[Round "09-7"]
[White "Kishon Chesster"]
[Black "Designer 2100 Display"]
[Result "1/2-1/2"]
[WhiteElo "1849"]
[BlackElo "1865"]
[PlyCount "45"]

1.e4 e5 2.Nf3 Nc6 3.Bb5 a6 4.Ba4 Nf6 5.Bxc6 dxc6 6.d3 Bc5 7.O-O Qe7 8.Nbd2 O-O 
9.Nc4 Nd7 10.Ne3 Re8 11.Nf5 Qd8 12.Bg5 f6 13.Be3 {Buchende.} 13...Bf8 
{Buchende.} 14.N3h4 Nb6 15.a4 a5 16.Qf3 Be6 17.Qg4 g6 18.Nxg6 hxg6 19.Qxg6+ Kh8 
20.Qh5+ Kg8 21.Qg6+ Kh8 22.Qh5+ Kg8 23.Qg6+ {Remis 3x} 1/2-1/2

[Event "Treppenturnier 2023"]
[Site "Turnierstufe"]
[Date "2023.12.02"]
[Round "09-8"]
[White "Designer 2100 Display"]
[Black "Kishon Chesster"]
[Result "1-0"]
[WhiteElo "1864"]
[BlackElo "1850"]
[PlyCount "105"]

1.c4 e5 2.Nc3 Nf6 3.Nf3 d6 4.d4 e4 5.Nd2 Bf5 6.e3 c6 7.Be2 d5 8.O-O {Buchende.} 
8...Be7 {Buchende.} 9.f3 exf3 10.Nxf3 O-O 11.Ne5 Be6 12.Qb3 Qb6 13.c5 Qc7 
14.Bd2 b6 15.cxb6 axb6 16.Rac1 Nfd7 17.Nd3 Bd6 18.Nf4 Qd8 $14 {Weiß ist besser
entwickelt.} 19.Bd3 Na6 20.Nce2 Nab8 $6 ( 20...c5 {ist richtig.} ) 21.e4 $16 
Qh4 22.e5 $1 Be7 23.g3 $1 {Wohin nun mit der Dame?} 23...Qh6 {"Eine Falle,was?"} 
24.Nxe6 Qxd2 {"Unter uns gesagt: Meine Lage könnte ein bisschen besser sein."} 
25.Nxf8 Nxf8 26.Kg2 ( 26.Rc2 $1 Qa5 27.Bb5 $1 Ne6 ( 27...Qxb5 28.Qxb5 cxb5 
29.Rc8 {...} ) 28.Bxc6 Nxc6 29.Rxc6 {...} ) 26...f6 27.Rc2 Qa5 28.exf6 Bxf6 
29.Bf5 Qa6 30.a3 Qa5 31.h3 Ra7 32.Qc3 Qxc3 33.Rxc3 c5 34.Rd3 Re7 35.Rd2 cxd4 
36.Nxd4 Na6 37.Nb5 Re5 38.Bg4 Bg5 39.Rdd1 Bf6 40.Bf3 Ne6 41.Bxd5 Nc5 42.b4 
{"Oooouuh, nicht gerade angenehm."} 42...Nb7 43.Rf5 Rxd5 44.Rfxd5 Nf8 {"Ich bin
nicht wie du, ich geb' auf." Ein wenig wird aber noch weitergespielt.} 45.Nc7 
Be7 46.Na8 b5 {"Na, jetzt reicht es."} 47.Nc7 Kf7 48.Nxb5 Ke6 49.Nc7+ Kf7 50.a4 
$1 Kf6 51.a5 Nd6 52.Rxd6+ Bxd6 53.Rxd6+ {Lassen wir's gut sein.} 1-0

[Event "Treppenturnier 2023"]
[Site "Turnierstufe"]
[Date "2023.12.04"]
[Round "10-1"]
[White "Designer 2100 Display"]
[Black "Super Nova"]
[Result "1-0"]
[WhiteElo "1874"]
[BlackElo "1875"]
[PlyCount "164"]

1.e4 e5 2.Nf3 Nc6 3.Bb5 a6 4.Ba4 Nf6 5.O-O Nxe4 6.d4 b5 7.Bb3 d5 8.dxe5 Be6 
9.Qe2 Be7 10.Rd1 O-O 11.c4 bxc4 {Buchende.} 12.Bxc4 {Buchende.} 12...Nb8 $5 
{Gleich nach dem Buchende der erste fragwürdige Zug.} ( 12...Bc5 $1 ) 13.Nc3 
Nxc3 14.bxc3 Re8 15.Bd3 Bg4 $6 $14 ( {Weg von der d-Linie!} 15...Qc8 {.} ) 
16.Qc2 h6 {Nun droht Weiß bereits Schwerwiegendes auf der d-Linie.} 17.Bh7+ Kh8 
18.Be4 c6 19.c4 Bxf3 $6 ( {Besser, aber ein Bauer ist dennoch weg:} 19...Be6 
20.Bf4 Qc8 21.cxd5 cxd5 22.Qxc8 Rxc8 23.Bxd5 Bxd5 24.Rxd5 Nc6 25.Rd7 {...} ) 
20.Bxf3 d4 21.Rb1 Bc5 22.Bf4 Ra7 $2 ( 22...Qc8 {Die Dame muss immer noch aus der
Schusslinie.} ) 23.e6 $3 {(+2.05) Sehr schön.} 23...Bd6 {(-1.65)} 24.Rxd4 $18 
Rxe6 25.Bg4 c5 26.Rd5 Qa5 {Super Nova kann einpacken.} 27.Bxe6 Bxf4 28.Rf5 Bd6 
29.Bxf7 {So geht's auch.} ( 29.Qe4 $1 {HIARCS 15.2 sagt hier +10.17, z.B.} 
29...Qd8 30.Rxf7 Rxf7 31.Bxf7 Nd7 32.Qe8+ Qxe8 33.Bxe8 Ne5 34.Rb6 Bc7 35.Rxa6 
Kg8 36.Ra7 Kf8 37.Rxc7 Kxe8 38.Rxc5 Nd3 39.Rc7 {...} ) 29...Nc6 30.Qe4 Re7 
31.Be6 Qd8 32.Qxc6 Rxe6 33.f4 $6 ( 33.g3 {wäre vorsichtiger und nachhaltiger
gewesen.} ) 33...Qe7 34.h3 Re2 35.Rd1 $6 {Designer lässt nach und seinen Gegner
wieder ins Spiel kommen.} 35...Qe3+ 36.Kh1 Bxf4 37.Qxc5 Qxc5 38.Rxc5 Rxa2 
39.Rc8+ Kh7 {Breche ein Spiel nie zu früh ab! Das muss der Designer erst einmal
nach Hause schaukeln.} 40.c5 Rc2 41.Rf1 Be5 42.Re1 Bg3 {Ein lähmender Zug.} 
43.Rd1 a5 44.c6 a4 45.Ra8 Rxc6 46.Rxa4 Rc2 47.Rad4 Be5 48.R4d2 Rxd2 49.Rxd2 Bg3 
{Unmaßgeblicher Remisplan des Bedieners: Super Nova muss seinen König in der
schwarzen Ecke und die Bauern auf den schwarzen Feldern lassen und ggf. dort
abtauschen. Frage an die Schach-Koryphäen: Ist das objektiv Remis zu halten?} 
50.Rd3 Be5 51.g4 Kg6 52.Kg2 Bf6 53.Rd5 Kf7 54.Kf3 g6 $2 {Sieht nach dem
Verlustzug aus. Der König kann sich nicht mehr in der Ecke verstecken.} 55.Ke4 
Be7 56.Ra5 Bg5 57.Ra7+ Kf6 58.Rh7 Bd2 59.h4 Ke6 60.Kf3 Kf6 {Für den Rest der
Partie haben beide jetzt je noch 1 Std. (Lv. B6/Sd6)} 61.Rc7 Be1 62.Rc6+ Kf7 
63.h5 gxh5 64.gxh5 Bd2 65.Ke4 Bg5 66.Kf5 Ke7 67.Rc7+ Kd6 68.Rg7 Bd2 69.Rg2 Bc1 
70.Rg1 Be3 71.Rg3 {Beide sagen +2 BE, sehen also keinen Gewinn.} 71...Bc1 
72.Rd3+ Ke7 73.Rb3 Bg5 74.Rb7+ Kd6 75.Rb6+ Kc5 76.Ra6 Kd5 77.Ra5+ Kd4 78.Re5 
Kd3 79.Kg6 Bf4 80.Re8 Bg5 81.Kg7 $2 ( 81.Rh8 Be3 82.Rxh6 {...} ) 81...Be3 $4 
82.Rxe3+ {Das war's.} 82...Kxe3 {(resg) Super Nova gibt auf.} 1-0

[Event "Treppenturnier 2023"]
[Site "Turnierstufe"]
[Date "2023.12.05"]
[Round "10-2"]
[White "Super Nova"]
[Black "Designer 2100 Display"]
[Result "1-0"]
[WhiteElo "1865"]
[BlackElo "1884"]
[PlyCount "203"]

1.e4 e6 2.d4 d5 3.Nd2 Nf6 4.e5 Nfd7 5.Bd3 c5 6.c3 Nc6 7.Ne2 cxd4 8.cxd4 Qb6 
9.Nf3 f6 10.exf6 Nxf6 11.O-O {Buchende.} 11...Bd6 12.Nc3 O-O {Buchende.} 13.Nb5 
Bb4 14.Bf4 Ne8 15.Bd2 a6 16.Bxb4 Nxb4 $10 17.Na3 Nxd3 18.Qxd3 Nf6 19.Rfc1 Bd7 
20.Ne5 Rac8 21.b3 Rxc1+ 22.Rxc1 Be8 23.Nc2 Nd7 24.Qe2 a5 25.h3 {Die Partie
plätschert in der Remisbreite vor sich hin.} 25...Nxe5 26.Qxe5 Qc6 27.Qe1 b6 $6 
{Die Dame steht wieder mal in der Schusslinie...} 28.Ne3 Qd6 29.Ng4 Qe7 {... und
Super Nova kann so seine Stellung schön verbessern.} 30.Qe3 b5 31.Qe5 Bd7 
32.Rc5 ( {Noch besser:} 32.Rc7 Rc8 33.Ra7 {...} ) 32...Qf7 33.Qe3 Qe8 34.Rc7 
Qd8 35.Qc3 a4 36.Ne5 $16 {Super Nova kann nicht besser stehen. Wie setzt man das
in Zählbares um? - nicht leicht.} 36...Be8 37.bxa4 bxa4 38.Rb7 Qg5 39.Qe3 Qf4 
40.a3 Qxe3 41.fxe3 Rf6 42.Rc7 h5 43.Kh2 Kh7 44.Re7 Bb5 45.Nf7 Kg6 46.Nd6 Bd3 
47.Ne8 Rf8 48.Rxg7+ Kf5 49.Re7 h4 50.g4+ hxg3+ 51.Kxg3 Rg8+ 52.Kf2 {Viel
Zählbares ist nicht herausgekommen. Der weiße Mehrbauer ist sehr anfällig - es
riecht nach Remis.} 52...Rh8 53.Nc7 Rh6 54.h4 Rg6 55.Ke1 Rh6 56.Kd2 {Richtig.
Super Nova will (vermutlich) mit dem König zum Damenflügel.} 56...Be4 57.Re8 
Rxh4 58.Rf8+ Kg4 $2 {Ein Verlustzug, weil Weiß nun die Türme tauschen und danach
die gegnerischen Bauern abpflücken könnte.} 59.Nxe6 {Super Novas Rechenkraft
reicht aber nicht und weiterhin riecht es nach Remis.} ( 59.Rf4+ $1 {HIARCS 15.2
bewertet hier bereits mit +11.29 BE.} 59...Kg3 60.Rxh4 Kxh4 61.Nxe6 Bg6 62.Nc5 
{usw.} ) 59...Rh2+ 60.Kc3 Re2 {Rest der der Partie in je 1 Stunde.} 61.Nc5 
Rxe3+ 62.Kb4 Re1 63.Nxa4 Rb1+ 64.Kc5 Rc1+ 65.Kd6 Rc4 $6 {Nicht gut.} ( 65...Ra1 
$1 ) 66.Nc5 Rxd4 67.Ke5 Rc4 68.Rf4+ Kg5 69.Nxe4+ dxe4 70.Rxe4 {Laut
Endspieldatenbank ist das für Weiß gewonnen - theoretisch in 44 Zügen, Super
Nova muss es nun praktisch umsetzen.} 70...Rc6 71.a4 Ra6 72.Kd5 Ra5+ 73.Kc6 
{Sieg In 30 Zügen.} 73...Kf5 74.Rh4 Kf6 75.Kb6 Rd5 76.a5 Rd6+ 77.Kc5 Rd2 78.a6 
Ra2 79.Kb6 Kg5 80.Rb4 {Sieg in 19 Zügen.} 80...Re2 81.a7 Re8 82.Ra4 Kf6 83.a8=Q 
Rxa8 84.Rxa8 {Sieg in 13.} 84...Ke5 85.Ra4 Kd5 86.Kc7 Kc5 87.Kb7 Kd5 88.Kb6 Ke6 
89.Ra5 {Super Nova weiß was sie tut.} 89...Kd7 90.Kc5 Ke6 91.Kc6 Ke7 92.Kc7 Ke6 
93.Rb5 Kf7 94.Rb6 Ke7 95.Kc8 Kf8 96.Rb7 Ke8 97.Rc7 Kf8 98.Kd8 Kg8 99.Ke8 
{Mattankündigung.} 99...Kh8 100.Kf7 Kh7 101.Rc6 Kh8 102.Rh6# 1-0

[Event "Treppenturnier 2023"]
[Site "Turnierstufe"]
[Date "2023.12.09"]
[Round "10-3"]
[White "Designer 2100 Display"]
[Black "Super Nova"]
[Result "0-1"]
[WhiteElo "1873"]
[BlackElo "1876"]
[PlyCount "116"]

1.c4 c5 2.Nf3 Nf6 3.g3 b6 4.Bg2 Bb7 {Buchende.} 5.d3 {Buchende.} 5...Nc6 6.Nc3 
e6 7.O-O Be7 8.e4 d6 {Sie spielen die englische Igel-Variante freihändig
weiter.} 9.Be3 O-O 10.d4 cxd4 11.Nxd4 Ne5 12.Qe2 Rc8 13.b3 Neg4 14.Bd2 Qd7 
15.f3 Ne5 16.a4 Ng6 17.Qe3 Qd8 18.Ncb5 a6 19.Na7 $2 {Abseits!} 19...Rc5 20.Ne2 
$2 ( 20.Bb4 Qa8 21.Nab5 axb5 22.axb5 Qc8 23.Bxc5 bxc5 {... hält den Schaden in
Grenzen.} ) 20...Qa8 21.b4 $2 {Designer rechnet nicht weit genug.} 21...Rxc4 
22.Qxb6 d5 $1 23.Rfc1 Bd8 24.Qf2 Ne5 {(+1.25), aber eigentlich ist das Spiel
schon aus. Die lange Diagonale a8-h1 wird zur Siegerstraße.} 25.Rxc4 {(-1.13)} 
25...Nxc4 26.Be3 dxe4 $1 ( {Stärker als das vom Designer erwartete} 26...Nxe3 ) 
27.Bc5 exf3 $1 28.Qd4 Ne4 $1 {Wieder spielt die kleine Wundertüte den stärksten
Zug, Designer erwartete 28....Lb6.} 29.Qxc4 fxg2 30.Rc1 Bd5 31.Qc2 Ng5 32.Kf2 
Re8 {Nun führen für Schwarz quasi alle Wege nach Rom. Designer kann nur
reagieren.} 33.Nf4 Be4 34.Qc4 e5 {Super Nova lässt nicht mehr locker.} 35.Ne2 
Qb7 36.h4 Bd5 37.Qd3 Nh3+ {Hiarcs 15.2 zeigt schon seit langem einen Vorteil von
mehr als 10 Bauernheiten für Schwarz an.} 38.Ke1 Bb6 $1 {Der beste Zug.} 39.Qe3 
Bxa7 40.Bxa7 Qxb4+ 41.Qd2 Qb7 42.Be3 Bf3 43.Ng1 Nxg1 44.Bxg1 f5 {Nicht der beste
Zug, aber natürlich weiterhin gewonnen. Super Nova hat offensichtlich einen
Plan.} ( {Die Varianten nach} 44...Bg4 $1 {und z.B.} 45.Rc3 Qb1+ 46.Rc1 Qe4+ 
47.Qe3 Qxa4 {... kann der kleine Novag nicht errechnen.} ) 45.Rc4 Bh5 46.Qd3 f4 
47.Rc3 ( 47.gxf4 {und Hiarcs 15.2 sagt Matt in 15.} ) 47...fxg3 48.Qc4+ Kh8 
49.Qd3 Rf8 50.Kd2 Qb2+ 51.Rc2 Qb8 52.Qc3 Rd8+ 53.Ke3 Qb6+ 54.Ke4 Qf6 55.Qd4 
{Designer sieht das Matt.} 55...exd4 {Mattankündigung.} 56.Kd3 Qf1+ 57.Ke4 Bg6+ 
58.Ke5 Qf5# 0-1

[Event "Treppenturnier 2023"]
[Site "Turnierstufe"]
[Date "2023.12.11"]
[Round "10-4"]
[White "Super Nova"]
[Black "Designer 2100 Display"]
[Result "1-0"]
[WhiteElo "1886"]
[BlackElo "1863"]
[PlyCount "119"]

1.b3 {Buchende! Super Nova spielt alles und ...} 1...e5 {... wirft auch den
Designer aus der Bibliothek. Buchende.} 2.e4 Nf6 3.Bb2 Nxe4 4.d3 Nc5 5.Bxe5 Nc6 
6.Bb2 d5 7.Ne2 Bf5 8.Ng3 Be6 9.Nd2 d4 10.Nf3 Be7 11.c3 Bf6 12.Nxd4 $2 {Was hat
sich Super Nova dabei gedacht?} 12...Nxd4 13.cxd4 Bxd4 14.Rb1 Bxb2 15.Rxb2 Qd4 
16.Rd2 O-O {Die lange Rochade ist stärker.} 17.Ne2 Qb4 18.Qc2 Bf5 19.Nc3 Qd4 
20.Be2 Rfd8 21.O-O Qf4 22.Re1 a5 23.Bf1 c6 24.Re3 b6 25.Qd1 Qd4 26.Ne2 Qh4 
27.d4 Ne4 {Weiß hat sich aus dem Dilemma herausgewurschtelt, in das er sich
selbst mit dem 12. Zug gebracht hat. Alles ist wieder im Lot.} 28.Ng3 Nxg3 
29.hxg3 Qf6 30.Bd3 Bxd3 31.Rdxd3 Re8 32.Qg4 Rad8 33.Rxe8+ Rxe8 34.Re3 Qd8 
{Super Nova reicht ein Remis zum Weiterkommen.} 35.Re4 Kh8 36.Re5 f6 37.Re4 
Rxe4 38.Qxe4 Qd7 39.Qf4 Qc8 40.f3 Kg8 41.Kf2 h5 42.Ke3 Kf7 43.Qd6 Qe6+ {Nun
müssen die Zwei noch ein reines Bauernendspiel mit Fallstricken absolvieren.} 
44.Qxe6+ Kxe6 45.Ke4 {(-0.05)} 45...g6 {(+0.33)} 46.a3 f5+ 47.Ke3 Ke7 48.Kd3 
Kf7 49.Kc4 g5 $4 {(+0.26) Verlustzug!} ( 49...Ke6 {(0.00) und dann} 50.f4 Kd6 
51.Kc3 Kd5 52.Kd3 Kd6 53.Kc2 Ke6 54.Kd2 Kd6 55.Kc3 {...} ) 50.d5 $1 {(+1.26) Na
klar.} 50...b5+ {(-0.51)} 51.Kc5 {(+0.97)} 51...cxd5 {(-0.86)} 52.Kxd5 
{(+1.48)} 52...Kf6 {(-2.45)} 53.Kc5 b4 54.axb4 axb4 55.Kxb4 g4 56.f4 Ke6 
{(-4.83)} 57.Kc5 {(+2.46)} 57...Kd7 58.Kd5 Kc7 59.Ke5 Kd7 60.Kxf5 {Das kann man
getrost als Sieg für Super Nova werten.} 1-0

[Event "Treppenturnier 2023"]
[Site "Turnierstufe"]
[Date "2023.12.12"]
[Round "11-1"]
[White "Super Nova"]
[Black "Schachakademie"]
[Result "0-1"]
[WhiteElo "1895"]
[BlackElo "1902"]
[PlyCount "109"]

1.b3 {Schachakademie kennt diesen Eröffnungszug nicht und muss sofort rechnen.} 
1...Nf6 2.Bb2 {Buchende.} 2...Nc6 3.Nf3 d5 4.e3 e6 5.Bb5 Bd7 6.d4 Be7 7.c4 Nb8 
8.Bxd7+ Nbxd7 9.Nc3 O-O 10.O-O Bd6 11.Nd2 c5 12.cxd5 exd5 13.Rc1 cxd4 14.exd4 
Re8 15.Qf3 Nb6 16.Nb5 Bb8 17.Rfe1 Rxe1+ 18.Rxe1 a6 19.Nc3 Qd6 20.Nf1 $10 {Alles
im Lot.} 20...Bc7 21.Qe2 Rc8 22.h3 Nbd7 23.Qe7 Qxe7 24.Rxe7 Bd8 25.Re1 Bc7 
26.Ne3 Re8 27.Kf1 Nb6 28.a4 Bf4 29.a5 Bxe3 30.Rxe3 Rxe3 31.fxe3 {Ruhiges Spiel -
nicht viel los.} 31...Nbd7 32.h4 b6 33.g4 Nxg4 34.Nxd5 bxa5 35.Bc3 Ndf6 
36.Nxf6+ Nxf6 37.Bxa5 Ne4 {Immer noch gleiches Spiel.} 38.d5 $6 f5 39.b4 $2 ( 
{Besser:} 39.Ke2 ) 39...Kf7 40.Kg2 $2 {Super Nova spielt sich ins Abseits.} ( 
{Erneut:} 40.Ke2 ) 40...Ke7 $1 41.Bc7 Nc3 42.d6+ Ke6 43.Kg3 Ne4+ 44.Kf4 g6 
{Weiß gehen die Züge aus.} 45.Bb8 h6 $1 {Stark.} ( {Nicht} 45...Nxd6 $2 {wegen} 
46.Bxd6 Kxd6 47.Kg5 Ke5 48.Kh6 Ke4 49.Kxh7 Kxe3 50.Kxg6 f4 51.h5 f3 52.h6 f2 
53.h7 f1=Q 54.h8=Q {...} ) 46.Bc7 g5+ 47.hxg5 hxg5+ 48.Kf3 Nxd6 {Jetzt geht`s.} 
49.Bxd6 Kxd6 50.Kg2 {(-1.92)} 50...Ke5 {(-1.5)} 51.Kf1 Kd5 52.Ke1 Ke4 53.Kf2 g4 
54.Ke2 g3 {(-2.1)} 55.Ke1 {Super Nova gibt auf.} 0-1

[Event "Treppenturnier 2023"]
[Site "Turnierstufe"]
[Date "2023.12.13"]
[Round "11-2"]
[White "Schachakademie"]
[Black "Super Nova"]
[Result "1-0"]
[WhiteElo "1912"]
[BlackElo "1885"]
[PlyCount "110"]

1.c4 c5 2.Nc3 Nc6 3.Nf3 Nf6 4.d4 cxd4 5.Nxd4 e6 6.Ndb5 {Buchende.} 6...d5 7.Bf4 
e5 8.cxd5 exf4 9.dxc6 bxc6 10.Qxd8+ Kxd8 {Buchende.} 11.O-O-O+ Bd7 12.Nd6 Bxd6 
13.Rxd6 Re8 $6 ( {Theorie ist hier} 13...Ng4 ) 14.Rd4 g5 15.h4 h6 16.hxg5 hxg5 
17.Rh6 Ng4 {Diese recht unübersichtliche Stellung müsste eher der taktisch
stärkeren Schachakademie liegen.} 18.Rh5 $6 ( 18.Rxc6 Nh2 19.Rcd6 Re7 20.Rd1 
{...} ) 18...Kc7 19.Rxg5 Rh8 20.Ne4 Rh1 21.Rd1 $2 Be6 {Offensichtlich kann aber
Super Nova taktisch mithalten.} 22.Rg7 Nh2 $6 ( 22...Rd8 $1 ) 23.Rh7 Bxa2 {...
was für eine Stellung.} 24.Nd2 Rd8 25.b3 Bxb3 26.Nxb3 Rxd1+ 27.Kxd1 Rxf1+ 
28.Kd2 {Was nun?} 28...Ng4 {In der letzten Sekunde schwenkt Super Nova auf
diesen Zug um. Zuvor will sie den richtigen Zug} ( 28...Rxf2 {spielen.} 29.Rxh2 
f3 $3 {Schach ist ein wunderbares Spiel.} 30.Rh7 Rxe2+ 31.Kd3 fxg2 {...} ) 
29.Rxf7+ $6 Kd6 30.f3 Ne3 31.Rxf4 Nxg2 32.Rf6+ Kd7 33.Rf7+ Kd6 34.Rxa7 Rf2 
35.Ra5 Nh4 36.Ra6 Nf5 37.Ke1 Rh2 38.e4 Ne7 39.Nd4 Kc5 40.Ra4 Nc8 41.f4 Nb6 
42.Ne6+ Kd6 43.Rb4 Kxe6 44.Rxb6 Kd6 45.Rb7 Rh4 46.Rf7 Rh2 47.Rf6+ Kc5 48.e5 Rb2 
$2 ( {Den einzigen Remis-Zug kann Super Nova nicht errechnen.} 48...Kd4 $1 {mit
Mattdrohung.} 49.e6 Ke3 50.Kf1 Kf3 51.Kg1 Rg2+ 52.Kh1 Re2 53.f5 Re5 54.Kh2 c5 
{...} ) 49.e6 Kd6 50.f5 c5 51.Rf7 Kc6 52.f6 Kd6 53.e7 Rb1+ 54.Kf2 Kd7 55.Rf8 
Rb2+ {und Super Nova gibt auf.} 1-0

[Event "Treppenturnier 2023"]
[Site "Turnierstufe"]
[Date "2023.12.14"]
[Round "11-3"]
[White "Super Nova"]
[Black "Schachakademie"]
[Result "0-1"]
[WhiteElo "1876"]
[BlackElo "1921"]
[PlyCount "137"]

1.d4 d5 {Buchende.} 2.Bg5 Nf6 3.Nf3 {Buchende.} 3...Nbd7 {SchA spielt erneut aus
dem Buch.} 4.Nbd2 e6 {Erneut Buchende.} 5.e4 Be7 6.e5 Ng4 {Die weiße Stellung
ist ganz ordentlich.} 7.Bxe7 Qxe7 8.Be2 c5 9.c3 {Sieht recht französisch aus,
das gewinnt bei gleichwertigen Computern meistens Weiß.} 9...f6 10.h3 Nh6 
11.exf6 Qxf6 12.dxc5 Nxc5 13.Nb3 Nd7 14.O-O O-O 15.Rc1 Nf7 16.c4 Nb6 17.cxd5 
exd5 18.Nbd4 Bd7 19.Rc7 Rfc8 20.Rc2 Rxc2 21.Qxc2 Rc8 22.Qb3 a6 23.Re1 Re8 
24.Qb4 Re7 25.Bd3 Qd6 26.Qd2 Rxe1+ 27.Qxe1 Qf6 28.Qe2 ( {Es geht} 28.Bf5 $1 
{mit Vorteil, z.B.} 28...g6 29.Bxd7 Nxd7 30.Qc3 Qb6 31.Qc8+ Nf8 {...} ) 
28...Ng5 29.Nxg5 Qxg5 30.Qe1 h6 31.Kh1 Qf6 32.Qd2 Kf8 33.Qb4+ Ke8 34.Qc5 g6 
35.Be2 Nc8 36.Qxd5 Ne7 37.Qc5 Qxf2 38.Qd6 Bb5 39.Qb8+ $6 ( 39.Bg4 $1 {ist stark,
und dann} 39...Bf1 40.Bd7+ Kf8 41.Ne6+ Kg8 42.Nf4 Bc4 43.Nxg6 Nxg6 44.Qxg6+ Kf8 
45.Qxh6+ {...} ) 39...Kf7 40.Qe5 Bxe2 41.Qe6+ Kf8 42.Nxe2 Qf5 {Sieht nach Remis
aus, aber das hilft Super Nova nicht weiter ...} 43.Qb6 Qe4 44.Nc3 Qc6 45.Qxc6 
Nxc6 46.Nd5 Ne5 47.Kh2 Kf7 48.Kg3 Ke6 49.Ne3 Nd3 50.Nd1 b5 51.Kf3 Ke5 52.Ke3 
Ne1 53.g3 Nc2+ 54.Kd2 Nd4 55.Ne3 $2 Ke4 56.h4 h5 {Gut! Der H8 rechnet einfach
tiefer als der 6301Y - in dieser Phase typischerweise angezeigte 11 zu 8 bis 9
Halbzüge.} ( {Noch besser ist} 56...Nf5 $1 {sagt Hiarcs 15.2} ) 57.b3 Kf3 
58.Nd5 Ne6 59.Ne7 g5 ( 59...Nf8 $1 {Absichern und dann z.B.} 60.Nd5 Kxg3 61.Nc7 
g5 62.hxg5 h4 {...} ) 60.hxg5 Nxg5 {Rest der Partie in je 1 Stunde.} 61.Kc3 
Kxg3 62.Nf5+ Kf4 63.Nh4 Kg4 64.Ng2 h4 $4 65.Ne3+ $4 ( 65.Nxh4 $3 {und es wird
Remis.} 65...Kxh4 66.Kb4 Kg3 67.Ka5 Ne4 68.Kxa6 Nc3 69.Ka5 Kf2 70.Kb4 Nxa2+ 
71.Kxb5 {... für beide Oldies nicht zu erkennen.} ) 65...Kf4 66.Nf1 h3 67.Kb4 
Nf3 68.Ka5 Nd2 69.Nh2 {und Super Nova gibt auf.} 0-1